| 000 | 00488nam a2200181 4500 | ||
|---|---|---|---|
| 003 | SEACOMMC | ||
| 005 | 20251017155000.0 | ||
| 008 | 230930b |||||||| |||| 00| 0 eng d | ||
| 020 | _a978-0070084773 | ||
| 040 | _aSEACOMMC | ||
| 082 |
_bC435 _a621.3 |
||
| 100 | _aChakrabartry, Abhijit | ||
| 245 |
_aBasic Electrical Engineering (Wbut) _cAbhijit Chakrabarti, Sudipta Nath |
||
| 260 |
_aNew Delhi _bTMH _c2009 |
||
| 650 | _aElectrical Engineering | ||
| 700 | _aNath, Sudipta | ||
| 942 | _cGBK | ||
| 999 |
_c14 _d14 |
||